Essential haematology / (Record no. 4521)

MARC details
000 -LEADER
fixed length control field 00663cam a22002292 4500
001 - CONTROL NUMBER
control field 0000024349
005 - DATE AND TIME OF LATEST TRANSACTION
control field 20151217145948.0
008 - FIXED-LENGTH DATA ELEMENTS--GENERAL INFORMATION
fixed length control field 130906s xx 000 0 eng d
020 ## - INTERNATIONAL STANDARD BOOK NUMBER
International Standard Book Number 1405198905 :
040 ## - CATALOGING SOURCE
Original cataloging agency KABU
Transcribing agency KABU
245 10 - TITLE STATEMENT
Title Essential haematology /
Statement of responsibility, etc. A. V. Hoffbrand, P. A. H Moss.
250 ## - EDITION STATEMENT
Edition statement 6th ed.
260 ## - PUBLICATION, DISTRIBUTION, ETC. (IMPRINT)
Place of publication, distribution, etc. Oxford :
Name of publisher, distributor, etc. Blackwell,
Date of publication, distribution, etc. 2011.
300 ## - PHYSICAL DESCRIPTION
Extent xi, 454p.
650 #0 - SUBJECT ADDED ENTRY--TOPICAL TERM
Topical term or geographic name as entry element Blood-disease.
-- 0000179686
650 #0 - SUBJECT ADDED ENTRY--TOPICAL TERM
Topical term or geographic name as entry element Hematology.
-- 0000179687
700 1# - ADDED ENTRY--PERSONAL NAME
Personal name Hoffbrand, A. V.
-- 0000179688
700 1# - ADDED ENTRY--PERSONAL NAME
Personal name Moss, P. A. H.
-- 0000179689
852 1# - LOCATION
-- p5996 KES
908 ## - PUT COMMAND PARAMETER (RLIN)
Put command parameter 130906
950 ## - LOCAL HOLDINGS (RLIN)
-- 1
Holdings
Withdrawn status Lost status Source of classification or shelving scheme Not for loan Home library Current library Date acquired Total Checkouts Total Renewals Full call number Barcode Date last seen Date last checked out Price effective from Koha item type
    Library of Congress Classification   Kabarak, Main Campus Kabarak, Main Campus 17/12/2015 31 5 RC633 .E87 2011 c. 1 016068 22/11/2025 22/10/2025 17/12/2015 General Collection
Designed with assistance from East African Informatics Ltd